Statistics for Central Asian High Points

Click here to take the quiz!

General Stats

  • This quiz has been taken 4 times
  • The average score is 4 of 8

Answer Stats

Country High Point % Correct
PakistanK2
100%
IranDamavand
75%
KazakhstanKhan Tengiri
50%
UzbekistanKhazret Sultan
50%
KyrgyzstanPobody Peak
25%
TurkmenistanAyrybaba
25%
AfghanistanNowshaq
25%
TajikistanIsmil Somoni
25%

Score Distribution

Percentile by Number Answered

Percent of People with Each Score

Your Score History

You have not taken this quiz